000 00615nam a2200241Ia 4500
003 OSt
005 20221006144700.0
006 a|||||r|||| 00| 0
007 ta
008 221006b |||||||| |||| 00| 0 eng d
020 _c
_7.50
024 _a12,354
037 _cTextual
040 _aEASL
_cEASL
_beng
041 _2eng
_aeng
082 _aV41.N53<-N51, K0
100 _aWHITING Allen S
245 0 _aChina cross the yalu
260 _aNew York
_bMacmillan
_c1960
300 _a219p.
_ccm.
942 _hV41.N53<-N51, K0
_cTEXL
_2CC
999 _c1080440
_d1080440